Carta a un profesor amigo

Shranjeno v:
Bibliografske podrobnosti
Glavni avtor: González de Cardedal, Olegario (autor)
Format: Knjiga
Jezik:španščina
Izdano: Madrid Narcea 1981
Teme:
Oznake: Označite
Brez oznak, prvi označite!

MARC

LEADER 00000nam a2200000 a 4500
001 UCY6974
003 CL-VaPUC
008 950602e19810000SP |||||||||||||||||spa|d
082 0 4 |a 248.8  |b GON  |2 21 
100 |a González de Cardedal, Olegario  |e autor  |9 337240 
245 1 0 |a Carta a un profesor amigo 
300 |a 45 p 
942 |c BK 
945 |d 19950602 00:00:00  |a cmena 
260 |a Madrid  |b Narcea  |c 1981 
500 |a Texto forma parte del libro Iglesia y enseñanza 
650 0 |a Adolescencia  |9 307361 
650 0 |a Educación  |9 258661 
650 0 |a Cristianismo  |9 257361 
650 0 |a Conceptos morales   |9 310606 
650 0 |a Comportamiento moral  |9 334569 
650 7 |a DESARROLLO MORAL  |2 CL-VaPUC  |9 310605 
650 0 |a Experiencia religiosa  |9 315549 
650 0 |a Creencia  |9 334586 
650 7 |a RELACION DOCENTE ALUMNO  |2 CL-VaPUC  |9 307734 
583 |a last modification  |c 19950602 00:00:00  |k Rodrigo Vera 
999 |c 234451  |d 234449